| 000 | 01113nam0a2200313 4500 | ||
|---|---|---|---|
| 001 | RU\NLR\bibl\1025059 | ||
| 005 | 20250614235216.0 | ||
| 010 |
_a5-222-08420-5 _95000 |
||
| 021 |
_aRU _b2006-73064 _93687 |
||
| 035 | _a(NLR Aleph) 001012568 | ||
| 090 |
_a647892 _c647892 |
||
| 100 | _a20061219d2006 |||y0rusy50 ca | ||
| 101 | 1 |
_arus _cger |
|
| 102 | _aRU | ||
| 105 | _aa ||||||||| | ||
| 200 | 1 |
_aРозы _eсвежие идеи и зарекомендовавшие себя сорта _fГенрих Шультхайс _g[пер. с нем.: Рывкина О.Е.] |
|
| 210 |
_aРостов-на-Дону _cФеникс _d2006 |
||
| 215 |
_a157 с. _cцв. ил. _d22 |
||
| 225 | 1 | _aСерия "Мир увлечений" | |
| 606 | 1 |
_aРозы _xСорта _91567092 _3RU\NLR\auth\66986063 |
|
| 606 | 1 |
_aРозы _xКультура _91566663 _3RU\NLR\auth\66985884 |
|
| 686 | _aП275.9розы-4 | ||
| 686 | _aП275.9розы-36 | ||
| 700 | 1 |
_aШультхайс _bГ. _gГенрих _4070 |
|
| 801 | 0 |
_aRU _bNLR _c20061219 _gRCR |
|
| 801 | 1 |
_aRU _bNLR _c20061219 |
|
| 942 | _cBOOK | ||
| 980 | _aNB | ||